01582nam a2200241 a 4500001001300000003000900013005001700022008004100039020002900080040003800109041000800147082003000155100004100185245007000226250003400296260006300330300001900393490003200412504004800444520074000492655007501232830003301307000000432184IT-MiSPE20240627150300.0180320s2017 vc 001 u ita d a9788846511676c16.00 EUR aIT-MiSPEbitadIT-MiSPEcIT-MiSPE aita a212-MES le pr (axa 23330)1 aMessinese, Leonardo,d1955-eautore.13aIl problema di Dio nella filosofia moderna /cLeonardo Messinese. aNuova ed. riveduta e ampliata aCittà del Vaticano :bLateran University Press,c©2017. a85 p. ;c24 cm1 aDialogo di filosofia ;v028 aContiene riferimenti bibliografici e indice aLa tesi principale attorno alla quale si articola il libro è che nel pensiero moderno il discorso su Dio non è semplicemente un "tema", ma si costituisce come un "problema", in relazione all'assunto cartesiano del "problema della conoscenza" come pregiudiziale. Sotto tale aspetto la filosofia kantiana e quella hegeliana si presentano come due diverse soluzioni rispetto al "problema di Dio". Kant ha il merito di cogliere l'aporia di fondo che caratterizza le "dimostrazioni razionalistiche" dell'esistenza di Dio e Hegel quello di ripristinare la teologia filosofica eliminando la separazione moderna tra il "pensiero" e l'"essere", ossia il presupposto ch'è comune al razionalismo (nonché all'empirismo) e allo stesso Kant. 7aFilosofia. Teologia naturalexDio: attributi ed altri problemi.2local 0aDialogo di filosofia ;v028.